000 00859nam a22002057a 4500
999 _c17949
_d17949
003 BDDh-ASL
005 20231015025648.0
008 200915b1977 ||||| b||| 00| 0 d
040 _aBDDh-ASL
_cBDDh-ASL
_dBDDh-ASL
041 _abengali
082 _a297
_bHAB
100 _9769
_aহক, শামসুল
245 1 _aবৈপ্লবিক দৃষ্টিতে ইসলাম/
_cশামসুল হক।
246 _aBaiplobic Drishtitey Islam.
260 _aঢাকা:
_bইসলামিক ফাউন্ডেশন, বাংলাদেশ,
_c১৯৭৭।
300 _a১৬৪ পৃষ্ঠা:
_c২২ সে. মি.।
504 _aগ্রন্থপঞ্জি সংযুক্ত ।
650 0 _9770
_aইসলামিক বিপ্লব
_xইসলাম ধর্ম
942 _2ddc
_cBK